Chrt na vřesovišti /

Hlavní autor: Daniels, Lucy
Jazyk: Čeština
Vydáno: Praha : Albatros, 2005
Vydání: 1. vyd.
Edice: Klub mladých čtenářů (Albatros)
Témata:
Externí odkaz: Digitalizovaný dokument
Fyzický popis: 118 s. : il. ; 20 cm
Knihy
Uloženo v:
LEADER 01472nam a2200409 a 4500
001 000771129
003 CZ BrMZK
005 20061128105729.0
007 ta
008 050419s2005 xr a cr 000 j cze d
015 |a cnb001531405 
020 |a 80-00-01541-2  |q (váz.) :  |c Kč 140,00 
035 |a (OCoLC)85142558 
040 |a BOA001  |b cze 
041 1 |a cze  |h eng 
072 7 |a 821-93  |x Literatura pro děti a mládež (beletrie)  |2 Konspekt  |9 26 
072 7 |a 821.111-3  |x Anglická próza, anglicky psaná  |2 Konspekt  |9 25 
080 |a 821-93  |2 MRF 
080 |a 821.111-32  |2 MRF 
080 |a (0:82-32)  |2 MRF 
100 1 |a Daniels, Lucy  |7 xx0004388  |4 aut 
245 1 0 |a Chrt na vřesovišti /  |c Lucy Danielsová ; [přeložila Lucie Šavlíková] 
250 |a 1. vyd. 
260 |a Praha :  |b Albatros,  |c 2005 
300 |a 118 s. :  |b il. ;  |c 20 cm 
490 1 |a Klub mladých čtenářů 
500 |a Překlad z angličtiny 
521 1 |a Pro čtenáře od 9 let 
655 7 |a anglické příběhy  |7 fd131813  |2 czenas 
655 7 |a publikace pro děti  |7 fd133156  |2 czenas 
765 0 |t Hound on the heath  |9 Česky 
830 0 |a Klub mladých čtenářů (Albatros)  |0 s 
856 4 1 |u http://www.digitalniknihovna.cz/mzk/uuid/uuid:71ebd240-fb81-11e3-9789-005056827e52  |y Digitalizovaný dokument  |x NDK 
910 |a BOA001  |b 2-1151.151 
990 |a BK 
991 |b 200505 
996 6 |b 2610248456  |c 2-1151.151  |l MZK  |r Sklad / do 1 hodiny  |n 5  |p p.v.  |w 000771129  |u 000010  |a 1  |e BOA001  |j MZK50  |s P